1683 1275 1368 1620 1856 1814 1586 1165 1636 1425 1650 1119 1802 1450 1898 1294 1576 1810 1680 1170 1174 1473 1133 1442 1862 1370 1367 1633 1140 1846 1514 1619 1710 1034 1858 1927 1189 1793 1037 1091 1103 1410 1951 1639 1126 1130 1624 1730 1177 1725 1969 1066 1050 1480 1094 1987 1032 1668 1439 1075 1790 1205 1955 1748 1700 1166 1123 1826 1092 1261 1878 1385 1644 1894 1358 1648 1175 1562 1788 1261 1783 1155 1662 1079 1287 1942 1588 1074 1378 1314 1938 1885 1814 1241 1757 1089 1932 1446 1226 BCNSPRNW ULIB Ver.6.0+V

เปลี่ยนเป็นภาษาไทย

Change to English
 แสดงรายละเอียดบรรณานุกรม
  กลับหน้าหลัก

Brief Record : Get Marc (ISO 2709) : E-mail record : QR code < ปิดหน้าต่าง
LEADER : 00000nam 2200000uu 4500
001    13399113519
003     ULIB
008    110627s2552||||th 000 0 tha d
020    9786160600052
090    นว.^bร267ส 2552
100 0  ระวิวรินทร์
245 00 สุดปลายขุนเขา/^cระวิวรินทร์
250    พิมพ์ครั้งที่ 1
260    กรุงเทพฯ :^bแจ่มใส,^c2552
300    349 หน้า
710 1  แจ่มใส
945    ^p0^l0^i027245
995    ทศพร
999 ^a ใช้งานได้ทุกระบบ
รายการนี้ยังไม่มีแท็ก
คุณยังไม่ได้ล็อกอิน คุณสามารถมีกิจกรรมร่วมกับเว็บไซต์ได้ แต่ต้องล็อกอินก่อน ::
  ล็อกอิน

รายการสื่อสารสนเทศ

ลำดับที่ ประเภท เลขเรียก/บาร์โค้ด สถานที่ สถานะ
1. นวนิยาย
นวนิยาย
นว. ร267ส 2552 ฉ.1 
  Barcode: 027245
ห้องสมุดวิทยาเขตสวรรค์ประชารักษ์
►นวนิยาย
บนชั้น
  ขอยืม

BibComment


ยังไม่เคยถูกคอมเมนท์

คอมเมนท์ทรัพยากรรายการนี้
  คอมเมนท์: สุดปลายขุนเขา ระว..


 Copyright 2026. Bcnsprnw @Library